000 00260nam a2200097Ia 4500
001 1210197
005 20250827024413.0
008 250824s9999 xx 000 0 und d
245 0 _aGELDİM YOKTUN
_cUĞUR CANBOLAT
260 _bDESTEK YAYINLARI
999 _c1210197
_d1210197